[Event "Blitz 2018"]
[Site "Saint-Petersburg"]
[Date "2018.12.29"]
[Round "3"]
[Board "51"]
[White "Nihal Sarin (IND)"]
[Black "Tari Aryan (NOR)"]
[Result "1-0"]
[LiveChessVersion "1.4.8"]
[BlackElo "2608"]
[WhiteElo "2506"]

1. e4 {[%clk 0:03:03]} e5 {[%clk 0:03:01]} 2. Nf3 {[%clk 0:03:02]} Nc6
{[%clk 0:03:02]} 3. Bc4 {[%clk 0:03:03]} Nf6 {[%clk 0:03:01]} 4. d3
{[%clk 0:03:03]} Bc5 {[%clk 0:03:01]} 5. c3 {[%clk 0:03:00]} a6 {[%clk 0:03:02]}
6. Nbd2 {[%clk 0:02:58]} Ba7 {[%clk 0:03:02]} 7. h3 {[%clk 0:02:55]} O-O
{[%clk 0:02:43]} 8. Bb3 {[%clk 0:02:54]} d5 {[%clk 0:02:43]} 9. exd5
{[%clk 0:02:44]} Nxd5 {[%clk 0:02:44]} 10. Ne4 {[%clk 0:02:46]} h6
{[%clk 0:02:39]} 11. O-O {[%clk 0:02:43]} Kh8 {[%clk 0:02:26]} 12. Re1
{[%clk 0:02:40]} f5 {[%clk 0:01:55]} 13. Ng3 {[%clk 0:02:38]} Qd6
{[%clk 0:01:54]} 14. Qe2 {[%clk 0:01:28]} Re8 {[%clk 0:00:57]} 15. d4
{[%clk 0:00:20]} e4 {[%clk 0:00:42]} 16. Nh4 {[%clk 0:00:21]} Nce7
{[%clk 0:00:39]} 17. Qh5 {[%clk 0:00:16]} Rf8 {[%clk 0:00:35]} 18. Bxd5
{[%clk 0:00:08]} Qxd5 {[%clk 0:00:31]} 19. Nxe4 {[%clk 0:00:08]} fxe4
{[%clk 0:00:27]} 20. Ng6+ {[%clk 0:00:09]} Kh7 {[%clk 0:00:23]} 21. Nxf8+
{[%clk 0:00:10]} Kg8 {[%clk 0:00:24]} 22. Qxd5+ {[%clk 0:00:10]} Nxd5
{[%clk 0:00:26]} 23. Ng6 {[%clk 0:00:11]} Bf5 {[%clk 0:00:21]} 24. Nf4
{[%clk 0:00:11]} Nf6 {[%clk 0:00:23]} 25. Be3 {[%clk 0:00:12]} g5
{[%clk 0:00:23]} 26. Ne2 {[%clk 0:00:13]} Nd5 {[%clk 0:00:25]} 27. Ng3
{[%clk 0:00:14]} Bg6 {[%clk 0:00:27]} 28. Bd2 {[%clk 0:00:14]} Re8
{[%clk 0:00:27]} 29. Rad1 {[%clk 0:00:13]} Nf4 {[%clk 0:00:26]} 30. Bxf4
{[%clk 0:00:11]} gxf4 {[%clk 0:00:27]} 31. Ne2 {[%clk 0:00:12]} Rf8
{[%clk 0:00:26]} 32. g3 {[%clk 0:00:11]} f3 {[%clk 0:00:24]} 33. Nf4
{[%clk 0:00:12]} Bf5 {[%clk 0:00:25]} 34. Nd5 {[%clk 0:00:13]} Kf7
{[%clk 0:00:17]} 35. Ne3 {[%clk 0:00:10]} Bxh3 {[%clk 0:00:17]} 36. Kh2
{[%clk 0:00:07]} Bd7 {[%clk 0:00:17]} 37. Nc4 {[%clk 0:00:08]} Bf5
{[%clk 0:00:16]} 38. Re3 {[%clk 0:00:09]} Re8 {[%clk 0:00:11]} 39. Rde1
{[%clk 0:00:09]} Kf6 {[%clk 0:00:09]} 40. Nd2 {[%clk 0:00:09]} Kg6
{[%clk 0:00:04]} 41. Nxf3 {[%clk 0:00:09]} c5 {[%clk 0:00:04]} 42. Nh4+
{[%clk 0:00:10]} Kf6 {[%clk 0:00:05]} 43. Nxf5 Kxf5 44. f3 {[%clk 0:00:10]} cxd4
{[%clk 0:00:08]} 45. Rxe4 {[%clk 0:00:11]} Rd8 {[%clk 0:00:10]} 46. Rf4+
{[%clk 0:00:11]} Kg5 {[%clk 0:00:10]} 47. Re5+ Kg6 48. Re6+ {[%clk 0:00:13]} Kg5
{[%clk 0:00:13]} 49. cxd4 {[%clk 0:00:13]} Bxd4 {[%clk 0:00:15]} 50. Kh3
{[%clk 0:00:10]} Bxb2 {[%clk 0:00:16]} 51. Rb6 {[%clk 0:00:09]} Rd2
{[%clk 0:00:16]} 52. Rxb7 {[%clk 0:00:09]} Be5 {[%clk 0:00:17]} 53. Re4
{[%clk 0:00:08]} Bd6 {[%clk 0:00:18]} 54. Rd7 {[%clk 0:00:07]} Kf6
{[%clk 0:00:20]} 55. Rh4 Ke6 56. Rh7 {[%clk 0:00:07]} Rxa2 {[%clk 0:00:19]} 57.
R7xh6+ {[%clk 0:00:08]} Kd5 {[%clk 0:00:19]} 58. R4h5+ {[%clk 0:00:08]} Kc6
{[%clk 0:00:20]} 59. Rh4 {[%clk 0:00:09]} Rd2 {[%clk 0:00:20]} 60. Ra4
{[%clk 0:00:10]} Kb5 {[%clk 0:00:21]} 61. Re4 {[%clk 0:00:09]} a5
{[%clk 0:00:22]} 62. Rh5+ {[%clk 0:00:10]} Bc5 {[%clk 0:00:22]} 63. Ree5
{[%clk 0:00:10]} Rc2 {[%clk 0:00:23]} 64. Re8 {[%clk 0:00:10]} a4
{[%clk 0:00:22]} 65. Ra8 {[%clk 0:00:11]} Kb4 {[%clk 0:00:19]} 66. Rh4+
{[%clk 0:00:12]} Kb3 {[%clk 0:00:14]} 67. Rhxa4 {[%clk 0:00:12]} Rf2
{[%clk 0:00:08]} 68. Kg4 {[%clk 0:00:12]} Rg2 {[%clk 0:00:09]} 69. f4
{[%clk 0:00:12]} Bf2 {[%clk 0:00:09]} 70. Kf3 {[%clk 0:00:13]} Rh2
{[%clk 0:00:09]} 71. R4a6 {[%clk 0:00:13]} Be1 {[%clk 0:00:07]} 72. Rc8
{[%clk 0:00:13]} Rf2+ {[%clk 0:00:07]} 73. Kg4 {[%clk 0:00:13]} Kb4
{[%clk 0:00:06]} 74. Rb6+ {[%clk 0:00:14]} Ka5 {[%clk 0:00:08]} 75. Rb1
{[%clk 0:00:15]} Bb4 {[%clk 0:00:07]} 76. Ra8+ 1-0

[Event "Blitz 2018"]
[Site "Saint-Petersburg"]
[Date "2018.12.29"]
[Round "3"]
[Board "52"]
[White "Mchedlishvili Mikheil (GEO)"]
[Black "Drygalov Andrey (RUS)"]
[Result "0-1"]
[LiveChessVersion "1.4.8"]
[BlackElo "2509"]
[WhiteElo "2607"]

1. d4 {[%clk 0:03:03]} Nf6 {[%clk 0:03:03]} 2. Bg5 {[%clk 0:03:03]} d5
{[%clk 0:03:04]} 3. e3 {[%clk 0:03:03]} c5 {[%clk 0:03:04]} 4. Bxf6
{[%clk 0:03:02]} gxf6 {[%clk 0:03:05]} 5. dxc5 {[%clk 0:03:02]} Qa5+
{[%clk 0:03:00]} 6. Nd2 {[%clk 0:02:37]} Qxc5 {[%clk 0:02:42]} 7. Ngf3
{[%clk 0:02:33]} Bg7 {[%clk 0:02:40]} 8. c4 {[%clk 0:02:21]} dxc4
{[%clk 0:02:35]} 9. Bxc4 {[%clk 0:02:21]} O-O {[%clk 0:02:26]} 10. O-O
{[%clk 0:02:22]} f5 {[%clk 0:02:27]} 11. Rc1 {[%clk 0:02:00]} Qb6
{[%clk 0:02:27]} 12. Bb3 {[%clk 0:02:00]} Nc6 {[%clk 0:02:21]} 13. Qe2
{[%clk 0:01:54]} Na5 {[%clk 0:02:12]} 14. Nc4 {[%clk 0:01:40]} Qa6
{[%clk 0:01:52]} 15. Rfd1 {[%clk 0:01:41]} Be6 {[%clk 0:01:48]} 16. Nd4
{[%clk 0:01:38]} Rac8 {[%clk 0:01:25]} 17. Nxe6 {[%clk 0:01:37]} fxe6
{[%clk 0:01:26]} 18. Qf1 {[%clk 0:01:07]} Nxb3 {[%clk 0:01:26]} 19. axb3
{[%clk 0:01:09]} b5 {[%clk 0:01:26]} 20. Ra1 {[%clk 0:01:02]} Qb7
{[%clk 0:01:27]} 21. Na5 {[%clk 0:01:03]} Qb6 {[%clk 0:01:26]} 22. Rd2
{[%clk 0:00:58]} Rfd8 {[%clk 0:01:24]} 23. Qe2 {[%clk 0:00:52]} Qxa5
{[%clk 0:00:55]} 0-1

[Event "Blitz 2018"]
[Site "Saint-Petersburg"]
[Date "2018.12.29"]
[Round "3"]
[Board "53"]
[White "Makarov Marat (RUS)"]
[Black "Antipov Mikhail Al. (RUS)"]
[Result "1/2-1/2"]
[LiveChessVersion "1.4.8"]
[BlackElo "2604"]
[WhiteElo "2505"]

1. d4 {[%clk 0:03:01]} Nf6 {[%clk 0:03:03]} 2. c4 {[%clk 0:03:01]} e6
{[%clk 0:03:04]} 3. Nc3 {[%clk 0:03:02]} Bb4 {[%clk 0:03:05]} 4. g3
{[%clk 0:03:02]} O-O {[%clk 0:03:02]} 5. Bg2 {[%clk 0:03:02]} c5 {[%clk 0:02:47]}
6. Nf3 {[%clk 0:02:57]} Bxc3+ {[%clk 0:02:22]} 7. bxc3 {[%clk 0:02:57]} d6
{[%clk 0:02:23]} 8. O-O {[%clk 0:02:54]} Qe7 {[%clk 0:02:24]} 9. a4
{[%clk 0:02:34]} Nc6 {[%clk 0:02:15]} 10. a5 {[%clk 0:02:33]} e5 {[%clk 0:02:12]}
11. d5 {[%clk 0:01:59]} Nd8 {[%clk 0:01:55]} 12. Nh4 {[%clk 0:01:57]} Ne8
{[%clk 0:01:49]} 13. e4 {[%clk 0:01:54]} g6 {[%clk 0:01:28]} 14. Qe1
{[%clk 0:01:43]} f5 {[%clk 0:00:59]} 15. Bh6 {[%clk 0:01:00]} Ng7
{[%clk 0:00:57]} 16. f4 {[%clk 0:01:01]} fxe4 {[%clk 0:00:36]} 17. Qxe4
{[%clk 0:00:51]} Nf7 {[%clk 0:00:31]} 18. Bxg7 {[%clk 0:00:50]} Kxg7
{[%clk 0:00:32]} 19. f5 {[%clk 0:00:49]} Ng5 {[%clk 0:00:20]} 20. Qc2
{[%clk 0:00:36]} gxf5 {[%clk 0:00:10]} 21. Rxf5 {[%clk 0:00:34]} Bxf5
{[%clk 0:00:09]} 22. Nxf5+ {[%clk 0:00:35]} Rxf5 {[%clk 0:00:10]} 23. Qxf5
{[%clk 0:00:36]} Rf8 {[%clk 0:00:09]} 24. Qg4 {[%clk 0:00:37]} Kh8
{[%clk 0:00:10]} 25. Rb1 {[%clk 0:00:38]} Nf7 {[%clk 0:00:06]} 26. Qe6
{[%clk 0:00:38]} Re8 {[%clk 0:00:04]} 27. Rxb7 {[%clk 0:00:36]} Qxb7
{[%clk 0:00:05]} 28. Qxe8+ {[%clk 0:00:37]} Kg7 {[%clk 0:00:06]} 29. Bh3
{[%clk 0:00:32]} Qb1+ {[%clk 0:00:07]} 30. Kg2 {[%clk 0:00:32]} Qe4+
{[%clk 0:00:07]} 31. Kg1 {[%clk 0:00:30]} Qe3+ {[%clk 0:00:07]} 32. Kg2
{[%clk 0:00:31]} Qd2+ {[%clk 0:00:05]} 33. Kg1 {[%clk 0:00:32]} Qe1+
{[%clk 0:00:04]} 34. Kg2 {[%clk 0:00:33]} Qe2+ {[%clk 0:00:04]} 35. Kg1
{[%clk 0:00:34]} Qd1+ {[%clk 0:00:04]} 36. Kg2 {[%clk 0:00:35]} Qc2+
{[%clk 0:00:05]} 37. Kg1 {[%clk 0:00:36]} Qxc3 {[%clk 0:00:04]} 38. Be6
{[%clk 0:00:37]} Qe1+ {[%clk 0:00:04]} 39. Kg2 {[%clk 0:00:38]} Qe2+
{[%clk 0:00:05]} 40. Kg1 {[%clk 0:00:39]} Qe3+ {[%clk 0:00:05]} 41. Kg2
{[%clk 0:00:40]} Qe4+ {[%clk 0:00:06]} 42. Kf2 {[%clk 0:00:39]} Qg6
{[%clk 0:00:04]} 43. Bxf7 {[%clk 0:00:21]} Qxf7+ {[%clk 0:00:04]} 44. Qxf7+
{[%clk 0:00:22]} Kxf7 {[%clk 0:00:05]} 45. Kf3 {[%clk 0:00:21]} Kg6
{[%clk 0:00:04]} 46. Ke4 {[%clk 0:00:19]} Kg5 {[%clk 0:00:04]} 47. h3
{[%clk 0:00:20]} h6 {[%clk 0:00:04]} 48. a6 {[%clk 0:00:21]} Kg6 {[%clk 0:00:04]}
49. Kf3 {[%clk 0:00:14]} Kf5 {[%clk 0:00:03]} 50. g4+ {[%clk 0:00:13]} Kg5
{[%clk 0:00:04]} 51. Kg3 {[%clk 0:00:14]} Kg6 {[%clk 0:00:04]} 52. h4
{[%clk 0:00:16]} Kf6 {[%clk 0:00:05]} 53. Kf3 {[%clk 0:00:17]} Kg6
{[%clk 0:00:06]} 54. Ke4 1/2-1/2

[Event "Blitz 2018"]
[Site "Saint-Petersburg"]
[Date "2018.12.29"]
[Round "3"]
[Board "54"]
[White "Shaposhnikov Evgeny (RUS)"]
[Black "Rechlis Gad (ISR)"]
[Result "1-0"]
[LiveChessVersion "1.4.8"]
[BlackElo "2500"]
[WhiteElo "2603"]

1. Nf3 {[%clk 0:03:02]} g6 {[%clk 0:03:02]} 2. c4 {[%clk 0:03:01]} Bg7
{[%clk 0:03:04]} 3. Nc3 {[%clk 0:03:02]} c5 {[%clk 0:03:04]} 4. g3
{[%clk 0:02:57]} Nc6 {[%clk 0:03:05]} 5. Bg2 e6 6. O-O Nge7 7. d4
{[%clk 0:02:56]} cxd4 {[%clk 0:03:09]} 8. Nb5 {[%clk 0:02:57]} O-O
{[%clk 0:02:54]} 9. Nfxd4 {[%clk 0:02:45]} d5 {[%clk 0:02:53]} 10. cxd5
{[%clk 0:02:40]} Nxd4 {[%clk 0:02:39]} 11. Nxd4 {[%clk 0:02:39]} Nxd5
{[%clk 0:02:40]} 12. a3 {[%clk 0:02:21]} Qb6 {[%clk 0:02:29]} 13. e3
{[%clk 0:02:04]} Rd8 {[%clk 0:02:30]} 14. Qe2 {[%clk 0:01:45]} e5
{[%clk 0:02:24]} 15. Nf3 {[%clk 0:01:40]} Bd7 {[%clk 0:02:14]} 16. a4
{[%clk 0:01:29]} Nb4 {[%clk 0:02:01]} 17. e4 {[%clk 0:01:23]} Rac8
{[%clk 0:01:51]} 18. Bg5 {[%clk 0:01:13]} f6 {[%clk 0:01:24]} 19. Bd2
{[%clk 0:01:13]} Nc2 {[%clk 0:01:20]} 20. Rac1 {[%clk 0:00:57]} Bxa4
{[%clk 0:01:18]} 21. Bc3 {[%clk 0:00:51]} Nd4 {[%clk 0:01:11]} 22. Bxd4
{[%clk 0:00:52]} exd4 {[%clk 0:01:12]} 23. Rxc8 {[%clk 0:00:52]} Rxc8
{[%clk 0:01:13]} 24. Qd2 {[%clk 0:00:50]} Rd8 {[%clk 0:00:38]} 25. Rc1
{[%clk 0:00:36]} d3 {[%clk 0:00:34]} 26. Ne1 {[%clk 0:00:32]} Bb5
{[%clk 0:00:30]} 27. Bf1 {[%clk 0:00:29]} Qd4 {[%clk 0:00:22]} 28. Rc3
{[%clk 0:00:28]} Qxe4 1-0

[Event "Blitz 2018"]
[Site "Saint-Petersburg"]
[Date "2018.12.29"]
[Round "3"]
[Board "55"]
[White "Pantsulaia Levan (GEO)"]
[Black "Potkin Vladimir (RUS)"]
[Result "1-0"]
[LiveChessVersion "1.4.8"]
[BlackElo "2494"]
[WhiteElo "2584"]

1. Nf3 {[%clk 0:03:03]} d5 {[%clk 0:03:03]} 2. g3 {[%clk 0:03:03]} g6
{[%clk 0:03:04]} 3. Bg2 {[%clk 0:03:00]} Bg7 {[%clk 0:03:05]} 4. O-O
{[%clk 0:03:00]} e5 {[%clk 0:03:06]} 5. d3 {[%clk 0:03:01]} Ne7 {[%clk 0:03:05]}
6. e4 {[%clk 0:03:02]} O-O {[%clk 0:03:04]} 7. c3 {[%clk 0:03:01]} a5
{[%clk 0:02:59]} 8. a4 {[%clk 0:03:01]} Nbc6 {[%clk 0:02:59]} 9. Na3
{[%clk 0:02:59]} h6 {[%clk 0:02:58]} 10. Nb5 {[%clk 0:02:57]} Be6
{[%clk 0:02:57]} 11. Qc2 {[%clk 0:02:56]} Qd7 {[%clk 0:02:56]} 12. Re1
{[%clk 0:02:56]} Rad8 {[%clk 0:02:47]} 13. b3 {[%clk 0:02:56]} f5
{[%clk 0:02:42]} 14. Ba3 {[%clk 0:02:57]} fxe4 {[%clk 0:02:29]} 15. dxe4
{[%clk 0:02:57]} d4 {[%clk 0:02:29]} 16. Rad1 {[%clk 0:02:38]} Bg4
{[%clk 0:02:29]} 17. Rd3 {[%clk 0:02:39]} Rf7 {[%clk 0:02:19]} 18. Nd2
{[%clk 0:02:13]} Nc8 {[%clk 0:01:57]} 19. Nc4 {[%clk 0:02:13]} Be6
{[%clk 0:01:51]} 20. cxd4 {[%clk 0:02:09]} exd4 {[%clk 0:01:42]} 21. Red1
{[%clk 0:02:06]} g5 {[%clk 0:01:09]} 22. Bc5 {[%clk 0:01:17]} Bxc4
{[%clk 0:00:58]} 23. bxc4 {[%clk 0:01:17]} Nb4 {[%clk 0:00:33]} 24. Bxb4
{[%clk 0:01:15]} axb4 {[%clk 0:00:34]} 25. e5 {[%clk 0:01:05]} Bxe5
{[%clk 0:00:14]} 26. Bd5 {[%clk 0:01:05]} c5 {[%clk 0:00:14]} 27. Rf3
{[%clk 0:01:01]} Rdf8 {[%clk 0:00:11]} 28. Qg6+ {[%clk 0:01:00]} Bg7
{[%clk 0:00:12]} 29. Be6 {[%clk 0:00:43]} Ne7 {[%clk 0:00:10]} 30. Rxf7
{[%clk 0:00:32]} 1-0

[Event "Blitz 2018"]
[Site "Saint-Petersburg"]
[Date "2018.12.29"]
[Round "3"]
[Board "56"]
[White "Vastrukhin Oleg (RUS)"]
[Black "Smirin Ilia (ISR)"]
[Result "0-1"]
[LiveChessVersion "1.4.8"]
[BlackElo "2582"]
[WhiteElo "2488"]

1. Nf3 {[%clk 0:03:02]} Nf6 {[%clk 0:03:03]} 2. g3 {[%clk 0:03:03]} g6
{[%clk 0:03:02]} 3. Bg2 {[%clk 0:03:04]} Bg7 {[%clk 0:03:04]} 4. O-O
{[%clk 0:03:05]} O-O {[%clk 0:03:04]} 5. d4 {[%clk 0:03:05]} d6 {[%clk 0:03:05]}
6. a4 {[%clk 0:03:06]} a5 {[%clk 0:02:58]} 7. Re1 {[%clk 0:03:06]} d5
{[%clk 0:02:55]} 8. b3 {[%clk 0:02:59]} Bf5 {[%clk 0:02:51]} 9. Ba3
{[%clk 0:02:46]} Re8 {[%clk 0:02:46]} 10. Nbd2 {[%clk 0:02:39]} Ne4
{[%clk 0:02:33]} 11. e3 {[%clk 0:02:30]} Nxd2 {[%clk 0:02:12]} 12. Nxd2
{[%clk 0:02:21]} e5 {[%clk 0:02:06]} 13. dxe5 {[%clk 0:01:51]} Bxe5
{[%clk 0:02:06]} 14. Rc1 {[%clk 0:01:49]} Nc6 {[%clk 0:02:06]} 15. c4
{[%clk 0:01:30]} d4 {[%clk 0:02:03]} 16. Nf3 {[%clk 0:01:25]} Bg4
{[%clk 0:01:56]} 17. Qd3 {[%clk 0:01:03]} dxe3 {[%clk 0:01:46]} 18. Rxe3
{[%clk 0:00:57]} Qxd3 {[%clk 0:01:41]} 19. Rxd3 {[%clk 0:00:58]} Bg7
{[%clk 0:01:41]} 20. h3 {[%clk 0:00:39]} Bf5 {[%clk 0:01:41]} 21. Rd5
{[%clk 0:00:33]} Be4 {[%clk 0:01:33]} 22. Rdd1 {[%clk 0:00:26]} Bh6
{[%clk 0:01:24]} 23. Rc3 {[%clk 0:00:20]} Rad8 {[%clk 0:01:24]} 24. Rxd8
{[%clk 0:00:08]} Rxd8 {[%clk 0:01:25]} 25. Nh4 {[%clk 0:00:09]} Bd2
{[%clk 0:01:12]} 26. Bxe4 {[%clk 0:00:08]} Bxc3 {[%clk 0:01:13]} 27. Nf3
{[%clk 0:00:05]} Rd1+ {[%clk 0:00:58]} 28. Kg2 {[%clk 0:00:07]} Ra1
{[%clk 0:00:59]} 29. Bc5 {[%clk 0:00:08]} Nd8 {[%clk 0:00:56]} 30. Be7
{[%clk 0:00:07]} Nc6 {[%clk 0:00:55]} 31. Bc5 {[%clk 0:00:07]} Ra2
{[%clk 0:00:53]} 32. Bd5 {[%clk 0:00:07]} h6 {[%clk 0:00:47]} 33. h4
{[%clk 0:00:07]} Rb2 {[%clk 0:00:43]} 34. h5 {[%clk 0:00:05]} gxh5
{[%clk 0:00:44]} 35. Nh4 {[%clk 0:00:06]} Bd4 {[%clk 0:00:43]} 36. Bxc6 0-1

[Event "Blitz 2018"]
[Site "Saint-Petersburg"]
[Date "2018.12.29"]
[Round "3"]
[Board "57"]
[White "Popov Valerij (RUS)"]
[Black "Petrov Nikita (RUS)"]
[Result "1-0"]
[LiveChessVersion "1.4.8"]
[BlackElo "2468"]
[WhiteElo "2574"]

1. c4 {[%clk 0:03:03]} e5 {[%clk 0:03:03]} 2. g3 {[%clk 0:03:04]} Nf6
{[%clk 0:03:03]} 3. Bg2 {[%clk 0:03:05]} c6 {[%clk 0:03:04]} 4. Nf3
{[%clk 0:03:03]} e4 {[%clk 0:03:06]} 5. Nd4 {[%clk 0:03:04]} d5 {[%clk 0:03:07]}
6. cxd5 {[%clk 0:03:03]} Qxd5 {[%clk 0:03:08]} 7. Nb3 {[%clk 0:02:59]} Qh5
{[%clk 0:03:08]} 8. h3 {[%clk 0:02:51]} Bd6 {[%clk 0:03:00]} 9. Nc3
{[%clk 0:02:49]} Qg6 {[%clk 0:03:00]} 10. d3 {[%clk 0:02:42]} exd3
{[%clk 0:02:57]} 11. e4 {[%clk 0:02:40]} O-O {[%clk 0:01:26]} 12. Qxd3
{[%clk 0:02:41]} Bc7 {[%clk 0:01:27]} 13. O-O {[%clk 0:02:34]} Na6
{[%clk 0:01:27]} 14. Be3 {[%clk 0:02:22]} Be6 {[%clk 0:00:26]} 15. Rfd1
{[%clk 0:02:14]} Qh5 {[%clk 0:00:21]} 16. Qe2 {[%clk 0:02:07]} Qxe2
{[%clk 0:00:21]} 17. Nxe2 {[%clk 0:02:08]} Rfd8 {[%clk 0:00:12]} 18. Ned4
{[%clk 0:02:04]} Bb6 {[%clk 0:00:10]} 19. Nxe6 {[%clk 0:01:31]} fxe6
{[%clk 0:00:11]} 20. Bxb6 {[%clk 0:01:30]} axb6 {[%clk 0:00:11]} 21. Nd4
{[%clk 0:01:30]} e5 {[%clk 0:00:07]} 22. Nf3 {[%clk 0:01:31]} Re8
{[%clk 0:00:06]} 23. Nd2 {[%clk 0:01:15]} b5 {[%clk 0:00:06]} 24. Nb3
{[%clk 0:01:13]} Rad8 {[%clk 0:00:07]} 25. Na5 {[%clk 0:01:14]} Rxd1+
{[%clk 0:00:05]} 26. Rxd1 {[%clk 0:01:15]} Re7 {[%clk 0:00:06]} 27. f3
{[%clk 0:01:12]} Nc5 {[%clk 0:00:06]} 28. b4 {[%clk 0:01:13]} Ne6
{[%clk 0:00:07]} 29. Kf2 {[%clk 0:01:08]} Nd4 {[%clk 0:00:06]} 30. f4
{[%clk 0:00:58]} Nc2 {[%clk 0:00:07]} 31. Rd8+ {[%clk 0:00:56]} Kf7
{[%clk 0:00:07]} 32. fxe5 {[%clk 0:00:56]} Rxe5 {[%clk 0:00:07]} 33. Nxb7
{[%clk 0:00:57]} Nxb4 {[%clk 0:00:08]} 34. Ra8 {[%clk 0:00:53]} Nc2
{[%clk 0:00:05]} 35. Nd8+ {[%clk 0:00:53]} Kg6 {[%clk 0:00:06]} 36. Nxc6
{[%clk 0:00:54]} Rc5 {[%clk 0:00:07]} 37. Ra6 {[%clk 0:00:49]} Kf7
{[%clk 0:00:05]} 38. g4 {[%clk 0:00:46]} Nd7 {[%clk 0:00:05]} 39. Bf1
{[%clk 0:00:42]} Ne5 {[%clk 0:00:05]} 40. Ra7+ {[%clk 0:00:41]} Kf6
{[%clk 0:00:06]} 41. Nxe5 {[%clk 0:00:38]} Rxe5 {[%clk 0:00:07]} 42. Bd3
{[%clk 0:00:34]} Nb4 {[%clk 0:00:07]} 43. Ke3 {[%clk 0:00:35]} Rc5
{[%clk 0:00:07]} 44. Kd4 {[%clk 0:00:35]} Rc1 {[%clk 0:00:08]} 45. Bxb5
{[%clk 0:00:36]} Rd1+ {[%clk 0:00:09]} 46. Ke3 {[%clk 0:00:35]} Rh1
{[%clk 0:00:08]} 47. Kd4 {[%clk 0:00:22]} Rxh3 {[%clk 0:00:08]} 48. e5+
{[%clk 0:00:23]} Kg5 {[%clk 0:00:06]} 49. Rxg7+ {[%clk 0:00:24]} Kf4
{[%clk 0:00:06]} 50. a4 {[%clk 0:00:22]} Rh1 {[%clk 0:00:05]} 51. e6
{[%clk 0:00:22]} Rd1+ {[%clk 0:00:06]} 52. Kc4 {[%clk 0:00:23]} Nd5
{[%clk 0:00:05]} 53. a5 {[%clk 0:00:21]} Ne3+ {[%clk 0:00:06]} 54. Kc5
{[%clk 0:00:22]} Rd5+ {[%clk 0:00:07]} 55. Kc6 {[%clk 0:00:18]} Re5
{[%clk 0:00:08]} 56. e7 {[%clk 0:00:19]} Nd5 {[%clk 0:00:06]} 57. Rf7+
{[%clk 0:00:17]} Ke4 {[%clk 0:00:05]} 58. Kd6 {[%clk 0:00:14]} Nc3
{[%clk 0:00:03]} 59. Bc6+ {[%clk 0:00:13]} Kd4 {[%clk 0:00:03]} 60. e8=Q
{[%clk 0:00:13]} Ne4+ {[%clk 0:00:04]} 61. Kc7 {[%clk 0:00:14]} 1-0

[Event "Blitz 2018"]
[Site "Saint-Petersburg"]
[Date "2018.12.29"]
[Round "3"]
[Board "58"]
[White "Borisenko Viacheslav (UKR)"]
[Black "Golubov Saveliy (RUS)"]
[Result "0-1"]
[LiveChessVersion "1.4.8"]
[BlackElo "2574"]
[WhiteElo "2444"]

1. e4 {[%clk 0:03:03]} g6 {[%clk 0:03:04]} 2. d4 {[%clk 0:03:04]} Bg7
{[%clk 0:03:05]} 3. Nf3 {[%clk 0:03:05]} d6 {[%clk 0:03:05]} 4. h3
{[%clk 0:03:06]} Nf6 {[%clk 0:03:06]} 5. Bd3 {[%clk 0:03:07]} O-O
{[%clk 0:03:06]} 6. O-O {[%clk 0:03:07]} c5 {[%clk 0:03:07]} 7. c3
{[%clk 0:03:08]} Qc7 {[%clk 0:02:40]} 8. a3 {[%clk 0:02:55]} b6 {[%clk 0:02:39]}
9. Qe2 {[%clk 0:02:54]} Bb7 {[%clk 0:02:38]} 10. e5 {[%clk 0:02:45]} dxe5
{[%clk 0:02:21]} 11. dxe5 {[%clk 0:02:45]} Ne8 {[%clk 0:02:23]} 12. e6
{[%clk 0:02:26]} f5 {[%clk 0:02:23]} 13. Ng5 {[%clk 0:02:08]} Nc6
{[%clk 0:02:23]} 14. Nf7 {[%clk 0:02:00]} Ne5 {[%clk 0:02:06]} 15. Bc2
{[%clk 0:01:44]} Qc6 {[%clk 0:01:21]} 16. f3 {[%clk 0:01:45]} Qxe6
{[%clk 0:01:14]} 17. Nxe5 {[%clk 0:01:16]} Qxe5 {[%clk 0:01:12]} 18. Bb3+
{[%clk 0:01:05]} Kh8 {[%clk 0:01:11]} 19. Qf2 {[%clk 0:01:07]} Qf6
{[%clk 0:00:59]} 20. f4 {[%clk 0:00:59]} Nd6 {[%clk 0:00:59]} 21. Nd2
{[%clk 0:00:58]} Ne4 {[%clk 0:00:50]} 22. Nxe4 {[%clk 0:01:00]} Bxe4
{[%clk 0:00:51]} 23. Be3 {[%clk 0:00:58]} Rad8 {[%clk 0:00:51]} 24. Rfd1
{[%clk 0:00:56]} Qc6 {[%clk 0:00:49]} 25. a4 {[%clk 0:00:54]} Rd6
{[%clk 0:00:41]} 26. a5 {[%clk 0:00:31]} Qb5 {[%clk 0:00:34]} 27. Ba4
{[%clk 0:00:16]} Rxd1+ {[%clk 0:00:35]} 28. Bxd1 {[%clk 0:00:16]} Rd8
{[%clk 0:00:31]} 29. axb6 {[%clk 0:00:16]} axb6 {[%clk 0:00:32]} 30. Kh2
{[%clk 0:00:13]} Bf6 {[%clk 0:00:23]} 31. g4 {[%clk 0:00:13]} Qc6
{[%clk 0:00:15]} 32. g5 {[%clk 0:00:13]} Bg7 {[%clk 0:00:16]} 33. h4
{[%clk 0:00:14]} e5 {[%clk 0:00:17]} 34. h5 {[%clk 0:00:15]} gxh5
{[%clk 0:00:18]} 35. Bxh5 {[%clk 0:00:15]} Qc7 {[%clk 0:00:17]} 36. Be2
{[%clk 0:00:12]} exf4 {[%clk 0:00:18]} 37. Bxf4 {[%clk 0:00:12]} Be5
{[%clk 0:00:19]} 38. Kg3 {[%clk 0:00:12]} Rg8 {[%clk 0:00:16]} 39. Bxe5+
{[%clk 0:00:05]} Qxe5+ {[%clk 0:00:17]} 40. Kh4 {[%clk 0:00:06]} f4
{[%clk 0:00:16]} 41. Rg1 {[%clk 0:00:06]} f3 {[%clk 0:00:16]} 42. Bc4
{[%clk 0:00:00]} 0-1

[Event "Blitz 2018"]
[Site "Saint-Petersburg"]
[Date "2018.12.29"]
[Round "3"]
[Board "59"]
[White "Najer Evgeniy (RUS)"]
[Black "Iljiushenok Ilia (RUS)"]
[Result "1-0"]
[LiveChessVersion "1.4.8"]
[BlackElo "2467"]
[WhiteElo "2573"]

1. e4 {[%clk 0:03:03]} e5 {[%clk 0:03:03]} 2. Nf3 {[%clk 0:03:04]} Nc6
{[%clk 0:03:04]} 3. Bc4 {[%clk 0:03:05]} Nf6 {[%clk 0:03:05]} 4. d3
{[%clk 0:03:06]} Bc5 {[%clk 0:03:05]} 5. O-O {[%clk 0:03:05]} d6 {[%clk 0:03:04]}
6. a4 {[%clk 0:03:06]} a6 {[%clk 0:03:01]} 7. c3 {[%clk 0:03:07]} Ba7
{[%clk 0:02:59]} 8. Na3 {[%clk 0:03:05]} O-O {[%clk 0:02:55]} 9. Nc2
{[%clk 0:03:02]} Ne7 {[%clk 0:02:42]} 10. Be3 {[%clk 0:02:57]} Ng6
{[%clk 0:02:42]} 11. Bxa7 {[%clk 0:02:57]} Rxa7 {[%clk 0:02:43]} 12. a5
{[%clk 0:02:56]} Ra8 {[%clk 0:02:38]} 13. Ne3 {[%clk 0:02:56]} c6
{[%clk 0:02:34]} 14. Re1 {[%clk 0:02:55]} d5 {[%clk 0:02:27]} 15. Bb3
{[%clk 0:02:50]} Re8 {[%clk 0:02:18]} 16. Bc2 {[%clk 0:02:33]} h6
{[%clk 0:02:04]} 17. b4 {[%clk 0:01:37]} Be6 {[%clk 0:02:01]} 18. Qb1
{[%clk 0:00:54]} Qc7 {[%clk 0:01:57]} 19. Qb2 {[%clk 0:00:55]} Rad8
{[%clk 0:01:56]} 20. Rad1 {[%clk 0:00:56]} Rd7 {[%clk 0:01:42]} 21. exd5
{[%clk 0:00:55]} cxd5 {[%clk 0:01:41]} 22. Ba4 {[%clk 0:00:55]} Rc8
{[%clk 0:01:20]} 23. Bxd7 {[%clk 0:00:55]} Qxd7 {[%clk 0:01:16]} 24. d4
{[%clk 0:00:48]} e4 {[%clk 0:01:11]} 25. Ne5 {[%clk 0:00:49]} Qc7
{[%clk 0:01:04]} 26. Nxg6 {[%clk 0:00:50]} fxg6 {[%clk 0:01:05]} 27. b5
{[%clk 0:00:33]} Qxa5 {[%clk 0:00:51]} 28. bxa6 {[%clk 0:00:32]} bxa6
{[%clk 0:00:52]} 29. Ra1 {[%clk 0:00:30]} Qxc3 {[%clk 0:00:52]} 30. Qxc3
{[%clk 0:00:28]} Rxc3 {[%clk 0:00:53]} 31. Rxa6 {[%clk 0:00:29]} Bf7
{[%clk 0:00:27]} 32. h3 {[%clk 0:00:30]} Nh5 {[%clk 0:00:24]} 33. Rb1
{[%clk 0:00:25]} Nf4 {[%clk 0:00:19]} 34. Rb7 {[%clk 0:00:24]} Be6
{[%clk 0:00:11]} 35. Ra8+ {[%clk 0:00:24]} Kh7 {[%clk 0:00:12]} 36. Raa7
{[%clk 0:00:25]} Ne2+ {[%clk 0:00:05]} 37. Kh2 {[%clk 0:00:26]} Nxd4
{[%clk 0:00:06]} 38. Rxg7+ {[%clk 0:00:27]} Kh8 {[%clk 0:00:07]} 39. Rxg6
{[%clk 0:00:27]} 1-0